000
00251nam a22001097a 4500
008
170124b xxu||||| |||| 00| 0 eng d
020
_a
9781573871921
041
_a
eng
080
_a
618.2
245
_a
PATHWAYS TO NURSING
_c
TUCKER, D.C
942
_2
udc
_c
BK
999
_c
3523
_d
3523